सचित्र नवीन विज्ञान विश्वकोशः (Record no. 30257)

MARC details
000 -LEADER
fixed length control field 01370 aa a2200253 4500
005 - DATE AND TIME OF LATEST TRANSACTION
control field 20090911111420.0
008 - FIXED-LENGTH DATA ELEMENTS--GENERAL INFORMATION
fixed length control field 081229t xxu||||| |||| 00| 0 hin d
010 ## - LCCN (DPL NO)
LC control number B-357296
020 ## - INTERNATIONAL STANDARD BOOK NUMBER
International Standard Book Number 8170432820
Terms of availability 150.00
035 ## - SYSTEM CONTROL NUMBER
System control number B-357296
037 ## - SOURCE OF ACQUISITION
Source of stock number/acquisition D.B.Act / Pub
082 ## - DEWEY DECIMAL CLASSIFICATION NUMBER
Classification number 503
100 ## - MAIN ENTRY--PERSONAL NAME
Personal name शर्मा, विश्वमित्र
245 ## - TITLE STATEMENT
Title सचित्र नवीन विज्ञान विश्वकोशः
Statement of responsibility, etc विश्वमित्र शर्मा
Remainder of title ब्रह्माण्ड-पृथ्वी-महाद्वीप /
246 ## - VARYING FORM OF TITLE
Title proper/short title Sachitra Naveen Vigyan Vishwa Kosh
Remainder of title by Vishwamitra Sharma
260 ## - PUBLICATION, DISTRIBUTION, ETC. (IMPRINT)
Place of publication, distribution, etc दिल्ली
Name of publisher, distributor, etc आत्माराम एण्ड संस
Date of publication, distribution, etc 2009
270 ## - ADDRESS
Address 1362, कश्मीरी गेट
City दिल्ली
Postal code 110006
Telephone number 011-23946466, 011-23973082
Electronic mail address atmaram_books@hotmail.com
300 ## - PHYSICAL DESCRIPTION
Extent 76 पृ
Other physical details सचित्र
Dimensions 24सेमी (सजिल्द)
650 ## - SUBJECT ADDED ENTRY--TOPICAL TERM
Topical term or geographic name as entry element Science
General subdivision Encyclopedias, Juvenile
650 ## - SUBJECT ADDED ENTRY--TOPICAL TERM
Topical term or geographic name as entry element विज्ञान
General subdivision विश्वकोश, बाल
650 ## - SUBJECT ADDED ENTRY--TOPICAL TERM
Topical term or geographic name as entry element
942 ## - ADDED ENTRY ELEMENTS (KOHA)
Institution code [OBSOLETE] dpl
Item type Children Books
Source of classification or shelving scheme Dewey Decimal Classification
Call number suffix शर्मावि
Classification part 503
Holdings
Withdrawn status Lost status Source of classification or shelving scheme Damaged status Not for loan Collection code Home library Current library Date acquired Source of acquisition Cost, normal purchase price Total Checkouts Total Renewals Full call number Barcode Date last seen Copy number Cost, replacement price Koha item type
    Dewey Decimal Classification     Non-fiction Janak Puri Janak Puri 11/09/2009 DBAD / PUB 150.00 39 2 503 शर्मावि B-357296 23/08/2010 1 150.00 Children Books

© Delhi Public Library
Hit Counter
free hit counter